01068nam a2200277 a 4500001001000000003000500010005001700015008004100032010001100073011001100084040000900095100003000104245017700134260004100311500006000352502006900412650002900481650003200510650003300542650002500575650004500600650002400645700003500669856001600704856007000720000111957CHAP20220329144238.0151111s2015 mx a fsm |||||||spa d a108418 a109390 cCHAP1 aÁvila Valdivia, Alfonso10aAlmacenamiento de carbono en los ecosistemas del suelo de conservación del Distrito Federal /h[En línea]cpor Alfonso Ávila Valdivia y José Luis Hernández Rubio. aChapingo, Méx. :bEl autor,c2015. aPara ver el contenido del material haga clic en la liga aTesis (Ing. Forestal) -- UACH. División de Ciencias Forestales14aBosquesxMéxico (D.F.)14aCarbonoxEfecto en plantas.14aEcosistemazMéxico (D.F.).14aSuelosxCarbón en.14aSuelosxConservaciónzMéxico (D.F.).14aSuelosxEcología.1 aHernández Rubio, José Luis a1 n0000647 aFinding aiduhttp://10.13.5.2/tesis/sist111957.pdfzTeclea aquí